000 00668nam a2200181 a 4500
005 20140414132106.0
008 100902s19uu xx 00 eng d
020 _a9780810991699
050 _aFIC
_bK62 2009
100 _aKinney, Jeff
245 _aDiary of a wimpy kid :
_bdog days /
_cby Jeff Kinney.
260 _aNew York :
_bAbrams,
_c2009.
520 _aIn the latest diary of a middle-schooler Greg Heffley, he records his attempts to spend his summer vacation sensibly indoors playing video games and watching television, despite his mother's other ideas.
650 _aSummer
_xFiction
650 _aDiaries
_xFiction
999 _c114604
_d114604